000 00313nam a2200133Ia 4500
008 140626s9999 xx 000 0 und d
100 _aMeinert, Dori
245 _aWings of Change /
_cDori Meinert.
260 _cc2012.
300 _a57 : 11, page 30
440 _aHR Magazine
521 _aBSBA
942 _cSE
999 _c121494
_d121494